Animals of South Africa - Sudden Death - Statistics

General Stats
  • This quiz has been taken 174 times
  • The average score is 5 of 16
Answers on the Grid
Answers color-coded by a green-red scale on the quiz's grid according to % correct below.
Elephants
Caracals
Guineafowl
Chameleons
Impala
Herons
Warthogs
Fur Seals
Penguins
Wildebeests
Flamingos
Nile Crocodiles
Jackals
Mongeese
Terrapins
Squirrels
Nilgais
Snapping Turtles
Shoebills
Gerenuk
Lynxes
Tigers
Flying-Foxes
Piranhas
Iguanas
Ibisbills
Gorillas
Tenrecs
Fossas
Armadillos
Marmots
Bongos
 
Answer Stats
Answer % Correct
Elephants
57%
Impala
53%
Warthogs
51%
Penguins
47%
Wildebeests
45%
Jackals
38%
Nile Crocodiles
38%
Mongeese
34%
Chameleons
28%
Guineafowl
28%
Herons
26%
Caracals
23%
Fur Seals
23%
Squirrels
19%
Flamingos
17%
Terrapins
6%
No matching quizzes found
Score Distribution
Percent of People with Each Score
Percentile by Number Answered
Your Score History
You have not taken this quiz